Woods hole mathematics : Perspectives in mathematics and physics
This volume presents selected research in the crossroads of contemporary geometry and mathematical physics, including topics such as moduli spaces, operads, arc complexes, contact manifolds, and applications to macromolecular folding and Brownian motion in Hilbert space.
محفوظ في:
| مؤلفون آخرون: | , |
|---|---|
| التنسيق: | كتاب |
| اللغة: | Vietnamese |
| منشور في: |
Singapore
World Scientific Publishing Company
2004
|
| الموضوعات: | |
| الوسوم: |
إضافة وسم
لا توجد وسوم, كن أول من يضع وسما على هذه التسجيلة!
|
| Thư viện lưu trữ: | Thư viện Trường Đại học Nam Cần Thơ |
|---|
| LEADER | 01077nam a22002057a 4500 | ||
|---|---|---|---|
| 001 | NCT_4_028647 | ||
| 008 | 251103b xxu||||| |||| 00| 0 vie d | ||
| 999 | |c 9433 |d 9433 | ||
| 020 | |a 9789812560216 |c £145.00 | ||
| 082 | 0 | 4 | |2 23rd ed. |a 530.15 |b W873H |
| 245 | 0 | 0 | |a Woods hole mathematics : |b Perspectives in mathematics and physics |c Nils Tongring, R. C Penner (editor) |
| 260 | |a Singapore |b World Scientific Publishing Company |c 2004 | ||
| 300 | |a 344 p. |c 24 cm | ||
| 520 | 3 | |a This volume presents selected research in the crossroads of contemporary geometry and mathematical physics, including topics such as moduli spaces, operads, arc complexes, contact manifolds, and applications to macromolecular folding and Brownian motion in Hilbert space. | |
| 653 | |a Toán học | ||
| 700 | 1 | |a Tongring, Nils |e Editor | |
| 700 | 1 | |a Penner, R. C |e Editor | |
| 942 | |2 ddc |c BK | ||
| 952 | |0 0 |1 0 |2 ddc |4 0 |6 530_150000000000000_W873H |7 0 |9 31569 |a 000001 |b 000001 |d 2025-11-03 |o 530.15 W873H |p MD.24505 |r 2025-11-03 |v 0.00 |w 2025-11-03 |y BK | ||
| 980 | |a Thư viện Trường Đại học Nam Cần Thơ | ||


